| 000 | 00628nam a22002297a 4500 | ||
|---|---|---|---|
| 005 | 20220519112035.0 | ||
| 008 | 220519b ||||| |||| 00| 0 eng d | ||
| 020 | _a0708820352 | ||
| 040 | _cAL | ||
| 041 | _aEnglish | ||
| 082 |
_223 _a306.4509 _bBROA |
||
| 100 |
_aJ Bronowski _937912 |
||
| 245 | _aAscent of Man | ||
| 260 |
_aLondon _bMacdonald Futura Publishers Ltd _c1981 |
||
| 300 |
_a288 p. _bPB _c18x11 cm. |
||
| 650 |
_aScience -- Social aspects _937913 |
||
| 650 |
_aCivilization _937914 |
||
| 650 |
_aHuman beings _937915 |
||
| 650 |
_aHuman ecology _937916 |
||
| 700 |
_aBRONOWSKI (J) _937917 |
||
| 942 |
_2ddc _cGF |
||
| 999 |
_c222997 _d222997 |
||